Pays les plus proches du Pôle Sud - Statistiques

Statistiques générales
  • Ce quiz a été pris 465 fois
    298 depuis la dernière actualisation
  • Le résultat moyen est 19 sur 25
Statistiques - réponses
Position Pays % Correct
4 Australie (Ile Macquarie)
100%
2 Chili (Iles Diego Ramirez)
98%
8 Afrique du Sud (Ile Marion)
97%
3 Argentine (Grande île de la Terre de Feu)
97%
6 Nouvelle-Zélande (Ile Campbell)
96%
10 Brésil
86%
11 Lesotho
86%
9 Uruguay
83%
17 Madagascar
82%
13 Paraguay
80%
7 France (Iles de Boynes)
79%
12 Namibie
79%
14 Eswatini
78%
16 Mozambique
78%
15 Botswana
75%
1 Royaume-Uni (Ile Thule)
75%
18 Bolivie
72%
24 Pérou
72%
21 Fidji
70%
22 Ile Maurice
69%
19 Zimbabwe
69%
20 Tonga (Ile Ata)
68%
25 Zambie
68%
23 Vanuatu (Ile Anatom)
59%
5 Norvège (Ile Bouvet)
26%
Aucun quiz correspondant
Distribution des résultats
% des personnes avec chaque résultat
Percentile par nombre de réponses
Votre historique - résultats
Vous n’avez pas pris ce quiz depuis la dernière actualisation